000
00220 a2200097 4500
001
13344
100
_a
Hutchigion, E H
245
_a
Arab - Israeli Conflect
260
_a
London
_b
John Calder Ltd
_c
090
_c
10360
_d
10360
942
_a
NUST-CAE
_c
M
_c
404
999
_c
248417
_d
248417